| 000 | 01731nam a22004217a 4500 | ||
|---|---|---|---|
| 003 | CHAP | ||
| 005 | 20220329133818.0 | ||
| 008 | 971013s1981 r 00010 d | ||
| 010 | _a11237 | ||
| 011 | _a12209 | ||
| 035 | _a14472 | ||
| 040 | _cCHAP | ||
| 082 |
_a631.0913 _bR6 |
||
| 100 | 0 | 0 |
_aRomanini, Claudio. _999480 |
| 245 |
_aAgricultura tropical en tierras ganaderas _b: alternativas viables |
||
| 260 |
_aMéxico, D. F. : _bCentro de Ecodesarrollo, _c1981 |
||
| 300 | _a103 p. | ||
| 590 |
_aBATCH-UPD _b10 _c20130110 _lUCH01 _h1035 |
||
| 590 |
_aBATCH-UPD _b10 _c20130410 _lUCH01 _h0636 |
||
| 590 |
_aBATCH-UPD _b10 _c20130913 _lUCH01 _h2352 |
||
| 590 |
_aCONVERSION _b10 _c20130109 _lUCH01 _h1307 |
||
| 650 | 1 | 4 |
_aAgricultura _xTrópicos. _91888 |
| 650 | 1 | 4 |
_aGanadería _xTrópicos. _944856 |
| 650 | 1 | 4 |
_aTierras _xAprovechamiento. _9113069 |
| 650 | 1 | 4 |
_aTrópicos _xAgricultura. _9115279 |
| 901 | _aBK | ||
| 942 | _cLIBRO | ||
| 949 |
_a631.0913 R6 _bBC _cLIBRO _d-154597 _eLIBRO _fc.9 _h88054 _i14472 _si |
||
| 949 |
_a631.0913 R6 _bBC _cLIBRO _d-154598 _eLIBRO _h3397 _i14472 _si |
||
| 949 |
_a631.0913 R6 _bBC _cLIBRO _d33724000555678 _eLIBRO _fc.6 _h70299 _i14472 _si |
||
| 949 |
_a631.0913 R6 _bBC _cLIBRO _d33724000555686 _eLIBRO _fc.2 _h65180 _i14472 _si |
||
| 949 |
_a631.0913 R6 _bBC _cLIBRO _d33724000555694 _eLIBRO _fc.5 _h65183 _i14472 _si |
||
| 949 |
_a631.0913 R6 _bBC _cLIBRO _d33724000555702 _eLIBRO _fc.3 _h65181 _i14472 _si |
||
| 949 |
_a631.0913 R6 _bBC _cLIBRO _d33724000555710 _eLIBRO _fc.8 _h81663 _i14472 _si |
||
| 949 |
_a631.0913 R6 _bBC _cLIBRO _d33724000555728 _eLIBRO _fc.7 _h70300 _i14472 _si |
||
| 949 |
_a631.0913 R6 _bBC _cLIBRO _d33724002311842 _eLIBRO _fc.4 _h65182 _i14472 _si |
||
| 949 |
_a631.0913 R6 _bZ _cLIBRO _d-142080 _eLIBRO _h236 _i14472 _si |
||
| 999 |
_c11237 _d11237 |
||